000 00171 a2200085 4500
041 _aspa
100 _aAnonimo
245 _aEspecialmente Para Maestro y Maestra
942 _cBK
999 _c15572
_d15572